Normal view
MARC view
- الحنفي، حامد بن علي بن ابراهيم ؛ عناية: فراس بن خليل مشعل ، سفيان بن عايش بن محمد
Entry Personal Name
001 - CONTROL NUMBER
- control field: 18591
003 - CONTROL NUMBER IDENTIFIER
- control field: JO-AjAnu
005 - DATE AND TIME OF LATEST TRANSACTION
- control field: 20230606073249.0
008 - FIXED-LENGTH DATA ELEMENTS
- fixed length control field: 230606|| aca||aabn | a|a d
040 ## - CATALOGING SOURCE
- Original cataloging agency: JO-AjAnu
- Transcribing agency: JO-AjAnu
100 ## - HEADING--PERSONAL NAME
- Personal name: الحنفي، حامد بن علي بن ابراهيم ؛ عناية: فراس بن خليل مشعل ، سفيان بن عايش بن محمد
670 ## - SOURCE DATA FOUND
- Source citation: Work cat.: (JO-AjAnu)9543: الحنفي، حامد بن علي بن ابراهيم ؛ عناية: فراس بن خليل مشعل ، سفيان بن عايش بن محمد, author, الرجعة لبيان الضجعة بين سنة الفجر والفريضة